00265nam a2200097Ia 4500008004100000082001700041100002200058245004800080260002900128300001000157210430s9999 xx 000 0 und d a543.8 S9711T aSwalin Richard A. aThermodynamics Of SolidscSwalin Richard A. bJohn Willey & Sonsc1962 a387p.